Statistics for Flair Airlines Destinations

Click here to take the quiz!

General Stats

  • This quiz has been taken 24 times
  • The average score is 8 of 11

Answer Stats

Destination% Correct
Vancouver
100%
Calgary
94%
Edmonton
94%
Toronto
88%
Halifax
75%
Winnipeg
75%
Ottawa
63%
Kelowna
56%
St. John
50%
Abbotsford
38%
Charlottetown
31%

Score Distribution

Percentile by Number Answered

Percent of People with Each Score

Your Score History

You have not taken this quiz